00247nam a2200085Ia 4500008004100000100003200041245003700073260004200110260000900152170620s9999 xx 000 0 und d aLakshmi- Gadde Bhuvaneswara 0aMethods of Teaching life Science bNew Delhi- Discovery Publishing House c2006